Aspects of quantum field theory in curved space-time by Stephen A Fulling (Record no. 64119)

MARC details
000 -LEADER
fixed length control field 01080nam a2200301Ia 4500
003 - CONTROL NUMBER IDENTIFIER
control field OSt
005 - DATE AND TIME OF LATEST TRANSACTION
control field 20220912151229.0
008 - FIXED-LENGTH DATA ELEMENTS--GENERAL INFORMATION
fixed length control field 220909b |||||||| |||| 00| 0 eng d
020 ## - INTERNATIONAL STANDARD BOOK NUMBER
International Standard Book Number 0521377684 (pbk)
037 ## - SOURCE OF ACQUISITION
Terms of availability Textual
040 ## - CATALOGING SOURCE
Original cataloging agency CSL
Language of cataloging eng
Transcribing agency CSL
041 ## - LANGUAGE CODE
Language code of text/sound track or separate title eng
100 ## - MAIN ENTRY--PERSONAL NAME
Personal name Fulling Stephen A
245 #0 - TITLE STATEMENT
Title Aspects of quantum field theory in curved space-time by Stephen A Fulling
260 ## - PUBLICATION, DISTRIBUTION, ETC.
Place of publication, distribution, etc. Cambridge
Name of publisher, distributor, etc. Cambridge University Press
Date of publication, distribution, etc. 1989
300 ## - PHYSICAL DESCRIPTION
Extent vii, 315p
490 ## - SERIES STATEMENT
Series statement London mathematical society student texts; 17
500 ## - GENERAL NOTE
General note (Reprinted in 2003); ; Bibliography 287-301p; Index 302-315p; ^n23/CSL/C/2003-2004/979^d2003-11-10^mPurchase; ; 2003-04/598^b2003-12-16^c275^d2003-12-09^eRs.37,804.00^fUnilib Book Distributors; ; 2004-03-11^bSB^c2004-03-11^dVinay
650 ## - SUBJECT ADDED ENTRY--TOPICAL TERM
Topical term or geographic name entry element Quantum field theory
650 ## - SUBJECT ADDED ENTRY--TOPICAL TERM
Topical term or geographic name entry element Physics
942 ## - ADDED ENTRY ELEMENTS (KOHA)
Classification part CN11, M9-;1
Koha item type Textual
Source of classification or shelving scheme Colon Classification (CC)

No items available.

Copyright @ Delhi University Library System